[Event "21st Hoogeveen op"]
[Site "Hoogeveen NED"]
[Date "2017.10.24"]
[Round "5.31"]
[White "Fehr, Axel"]
[Black "Taams, Sander"]
[Result "0-1"]
[WhiteElo "2081"]
[BlackElo "1954"]
[EventDate "2017.10.21"]
[PlyCount "100"]

1.Nf3 d5 2.d4 Nf6 3.Bf4 c5 4.c3 Nc6 5.e3 Qb6 6.Qb3 c4 7.Qc2 Bf5 8.Qc1 e6 
9.h3 Be7 10.Nbd2 h6 11.Be2 O-O 12.O-O Qd8 13.Ne5 Nxe5 14.Bxe5 b5 15.Re1 
Bd6 16.Bxd6 Qxd6 17.Bf3 Qc6 18.Qd1 Rab8 19.a3 a5 20.Rc1 Rfe8 21.g4 Bh7 22.
Bg2 Qb6 23.e4 b4 24.axb4 axb4 25.exd5 exd5 26.Re5 b3 27.Rxd5 Nxd5 28.Bxd5 
Bd3 29.Nxc4 Bxc4 30.Bxc4 Re7 31.Qf3 Rbe8 32.Kg2 Rc7 33.Bd5 Rd8 34.Ra1 Rcd7
35.Bc6 Rd6 36.d5 Rf6 37.Qe3 Qc7 38.Ra7 Qd6 39.c4 Qf4 40.c5 Qc4 41.Ra3 Rxd5
42.Bxd5 Qxd5+ 43.f3 Re6 44.Qf2 Qc4 45.Ra8+ Kh7 46.Kg1 Qc1+ 47.Kg2 Qc4 48.
Kg1 Re2 49.Qf1 Qxc5+ 50.Kh1 Qe5 0-1

[Event "21st Hoogeveen op"]
[Site "Hoogeveen NED"]
[Date "2017.10.24"]
[Round "5.32"]
[White "Nicolai, Amir"]
[Black "Elgersma, Onno"]
[Result "1-0"]
[WhiteElo "2019"]
[BlackElo "1884"]
[EventDate "2017.10.21"]
[PlyCount "73"]

1.d4 Nf6 2.Nf3 e6 3.c4 Bb4+ 4.Bd2 Bxd2+ 5.Nbxd2 b6 6.e4 Bb7 7.Bd3 d6 8.O-O
Nbd7 9.e5 dxe5 10.dxe5 Ng4 11.Qe2 Ndxe5 12.Nxe5 Nxe5 13.Qxe5 Qxd3 14.Qxc7 
Qd7 15.Qf4 Rd8 16.Rfd1 O-O 17.Qg4 e5 18.Qxd7 Rxd7 19.Nf3 Re7 20.Rd6 f6 21.
Rad1 Kf7 22.Nd2 Rc8 23.b3 Rc6 24.Ne4 Kg6 25.Nc3 h5 26.Rd7 Rc7 27.Rxc7 Rxc7
28.Nb5 Rc5 29.Rd7 Bc6 30.Rc7 a5 31.Nd6 e4 32.Nc8 Bd7 33.Ne7+ Kf7 34.Rxd7 
Ke8 35.Rb7 e3 36.fxe3 Re5 37.Nd5 1-0

[Event "21st Hoogeveen op"]
[Site "Hoogeveen NED"]
[Date "2017.10.24"]
[Round "5.33"]
[White "Kotyk, Michael"]
[Black "French, Max"]
[Result "1/2-1/2"]
[WhiteElo "1921"]
[BlackElo "1991"]
[EventDate "2017.10.21"]
[PlyCount "54"]

1.e4 c6 2.Nc3 d5 3.Qe2 d4 4.Nd1 e5 5.g3 c5 6.d3 Nc6 7.f4 Bd6 8.Nf3 Qc7 9.
f5 Bd7 10.Bg2 O-O-O 11.O-O f6 12.Nf2 Nge7 13.a3 Rdf8 14.g4 g6 15.Bd2 h5 
16.h3 hxg4 17.hxg4 gxf5 18.gxf5 Rfg8 19.Nh2 Bxf5 20.Nfg4 Bxg4 21.Nxg4 f5 
22.Nh6 Rg6 23.Nxf5 Nxf5 24.exf5 e4 25.fxg6 Bh2+ 26.Kh1 Bg3+ 27.Kg1 Bh2+ 
1/2-1/2

[Event "21st Hoogeveen op"]
[Site "Hoogeveen NED"]
[Date "2017.10.24"]
[Round "5.34"]
[White "Pham, Khoi"]
[Black "Mellema, Andries"]
[Result "1/2-1/2"]
[WhiteElo "1859"]
[BlackElo "2164"]
[EventDate "2017.10.21"]
[PlyCount "85"]

1.e4 e6 2.d4 d5 3.Nc3 Nf6 4.e5 Nfd7 5.f4 c5 6.Nf3 Nc6 7.Be3 a6 8.Qd2 b5 9.
dxc5 Bxc5 10.Bxc5 Nxc5 11.Qf2 Qb6 12.Bd3 b4 13.Ne2 a5 14.O-O Ba6 15.Rfd1 
Ne7 16.Ned4 Na4 17.Rab1 Bxd3 18.cxd3 O-O 19.Nb3 Qxf2+ 20.Kxf2 Rfc8 21.Nbd4
Rab8 22.Ke3 Kf8 23.g4 g6 24.h4 h6 25.h5 gxh5 26.gxh5 Kg7 27.Rg1+ Kh7 28.
Nh2 Nc5 29.Ng4 Ng8 30.Rg2 Nd7 31.Rbg1 Kh8 32.f5 exf5 33.Nxf5 Rb6 34.Nd6 
Rf8 35.Kd4 f6 36.Nf5 fxe5+ 37.Nxe5 Nxe5 38.Kxe5 d4 39.Nd6 Ne7 40.Rg7 Rxd6 
41.Rxe7 Rfd8 42.Rgg7 Rd5+ 43.Ke4 1/2-1/2

[Event "21st Hoogeveen op"]
[Site "Hoogeveen NED"]
[Date "2017.10.24"]
[Round "5.35"]
[White "Lindeman, Johan W"]
[Black "Den Dunnen, Lola"]
[Result "1/2-1/2"]
[WhiteElo "2004"]
[BlackElo "1862"]
[EventDate "2017.10.21"]
[PlyCount "168"]

1.e4 e5 2.Nf3 Nc6 3.Bb5 a6 4.Ba4 Nf6 5.d3 d6 6.c3 g6 7.O-O Bg7 8.Re1 O-O 
9.Nbd2 b5 10.Bb3 Na5 11.Bc2 c5 12.Nf1 Qc7 13.Ng3 Nc6 14.h3 Be6 15.Be3 Rac8
16.Qd2 Nd4 17.Bd1 Nxf3+ 18.Bxf3 d5 19.Bh6 d4 20.Bxg7 Kxg7 21.cxd4 cxd4 22.
Nf5+ Bxf5 23.exf5 Rfe8 24.Rac1 Qe7 25.Rxc8 Rxc8 26.fxg6 hxg6 27.Qe2 Re8 
28.g3 Qc7 29.Qd2 Rc8 30.b4 Qc2 31.Re2 Qb1+ 32.Re1 Rc2 33.Rxb1 Rxd2 34.a4 
bxa4 35.Ra1 Rxd3 36.Be2 Rb3 37.Rxa4 d3 38.Bxd3 Rxd3 39.Rxa6 Rb3 40.Rb6 Nd5
41.Rb5 Nxb4 42.Rxe5 Rb2 43.Re3 Rd2 44.Kf1 Nd5 45.Rf3 Ra2 46.Rd3 Nf6 47.Re3
Nh7 48.Kg2 Ng5 49.h4 Ne6 50.Kg1 Kh6 51.Kg2 Kh5 52.Re4 Ra5 53.Rb4 Ra7 54.
Rb5+ Kh6 55.Rb2 g5 56.hxg5+ Kxg5 57.Rb5+ Kg6 58.Rb2 Ra5 59.Rd2 Kg5 60.Rb2 
f5 61.Re2 Nf8 62.Rb2 Nh7 63.Rc2 Nf6 64.Rb2 Ra3 65.Rc2 Kg4 66.Rb2 Rd3 67.
Ra2 Ne4 68.Re2 Rd2 69.f3+ Kg5 70.Rxd2 Nxd2 71.Kf2 Nc4 72.Ke2 Nd6 73.Ke3 
Ne8 74.Kf2 Kf6 75.Ke3 Ke5 76.Kd3 Nf6 77.Ke3 Nh5 78.Kf2 Nf6 79.Ke3 Nd7 80.
Kd3 Nc5+ 81.Ke3 Na6 82.f4+ Kf6 83.Kf3 Nc7 84.g4 Ke6 1/2-1/2

[Event "21st Hoogeveen op"]
[Site "Hoogeveen NED"]
[Date "2017.10.24"]
[Round "5.36"]
[White "Engel, Robert"]
[Black "Duson, Robin"]
[Result "1-0"]
[WhiteElo "1973"]
[BlackElo "1890"]
[EventDate "2017.10.21"]
[PlyCount "109"]

1.e4 c5 2.Nf3 d6 3.d4 cxd4 4.Nxd4 Nf6 5.Nc3 g6 6.Be3 Bg7 7.f3 O-O 8.Qd2 
Nc6 9.g4 Be6 10.Nxe6 fxe6 11.O-O-O Ne5 12.Be2 Qc8 13.h4 Nfd7 14.h5 Nxf3 
15.Nd5 Nxd2 16.Nxe7+ Kf7 17.Nxc8 Raxc8 18.Rxd2 Ke7 19.hxg6 hxg6 20.Bg5+ 
Bf6 21.Rh7+ Rf7 22.Bxf6+ Nxf6 23.Rxf7+ Kxf7 24.Rxd6 Rh8 25.Rd4 Rh2 26.Bd3 
Rg2 27.Rc4 Rxg4 28.Rc7+ Kf8 29.Rxb7 Nxe4 30.Bxe4 Rxe4 31.Rxa7 g5 32.Kd2 g4
33.Ra3 Ke7 34.Rg3 Kd6 35.Kd3 Rf4 36.c4 Kc5 37.b3 e5 38.a3 Kd6 39.b4 Rf8 
40.Rxg4 Ra8 41.Rg6+ Kc7 42.c5 Rxa3+ 43.Kc4 e4 44.Kb5 e3 45.Rg7+ Kd8 46.Rg2
Rc3 47.Kc6 Rc4 48.b5 Re4 49.Re2 Re7 50.b6 Kc8 51.Kd6 Re4 52.c6 Rd4+ 53.Kc5
Re4 54.Ra2 Kb8 55.c7+ 1-0

[Event "21st Hoogeveen op"]
[Site "Hoogeveen NED"]
[Date "2017.10.25"]
[Round "6.1"]
[White "Pruijssers, Roeland"]
[Black "Saduakassova, Dinara"]
[Result "1-0"]
[WhiteElo "2512"]
[BlackElo "2448"]
[EventDate "2017.10.21"]
[PlyCount "67"]

1.e4 c5 2.Nf3 e6 3.d4 cxd4 4.Nxd4 Nc6 5.Nc3 a6 6.Nxc6 bxc6 7.Bd3 d5 8.O-O 
Nf6 9.Bf4 Be7 10.Qf3 Bb7 11.Rad1 Qa5 12.a3 O-O 13.b4 Qd8 14.Na4 Nd7 15.Qh3
g6 16.c4 a5 17.b5 d4 18.Bb1 e5 19.Bh6 Re8 20.f4 Nc5 21.Nxc5 Bxc5 22.f5 a4 
23.Qg3 Qc7 24.Kh1 Rad8 25.Rf3 Rd6 26.Rdf1 Bc8 27.Qh4 Qe7 28.f6 Qd8 29.Bg7 
d3 30.g4 Bxg4 31.Qxg4 d2 32.Rd1 Rd4 33.Qh4 Qd7 34.Rh3 1-0

[Event "21st Hoogeveen op"]
[Site "Hoogeveen NED"]
[Date "2017.10.25"]
[Round "6.2"]
[White "Gritsak, Orest"]
[Black "Kuljasevic, Davorin"]
[Result "1/2-1/2"]
[WhiteElo "2468"]
[BlackElo "2549"]
[EventDate "2017.10.21"]
[PlyCount "52"]

1.Nf3 d5 2.d4 Nf6 3.c4 e6 4.Nc3 Bb4 5.cxd5 exd5 6.Bg5 h6 7.Bxf6 Qxf6 8.
Qa4+ Nc6 9.e3 O-O 10.Be2 Be6 11.O-O a6 12.Rfc1 Bd6 13.Qd1 Ne7 14.Na4 b6 
15.a3 g5 16.b4 Qg7 17.Nb2 f5 18.Nd3 Ng6 19.Nfe5 f4 20.Nxg6 Qxg6 21.exf4 
Qe4 22.fxg5 Qxd4 23.g3 hxg5 24.Ra2 Rf7 25.Rd2 Qe4 26.Bf1 Qf5 1/2-1/2

[Event "21st Hoogeveen op"]
[Site "Hoogeveen NED"]
[Date "2017.10.25"]
[Round "6.3"]
[White "Beerdsen, Thomas"]
[Black "Ernst, Sipke"]
[Result "1-0"]
[WhiteElo "2428"]
[BlackElo "2548"]
[EventDate "2017.10.21"]
[PlyCount "83"]

1.e4 e5 2.Nf3 Nc6 3.d4 exd4 4.Nxd4 Nf6 5.Nxc6 bxc6 6.e5 Qe7 7.Qe2 Nd5 8.c4
Ba6 9.Nd2 g6 10.Nf3 Bg7 11.Bg5 f6 12.exf6 Qxe2+ 13.Bxe2 Nxf6 14.O-O-O 
O-O-O 15.Nd2 c5 16.Bf3 Rde8 17.Rhe1 d6 18.Bc6 Nd7 19.Ne4 Bd4 20.Bxd7+ Kxd7
21.Rxd4 Kc6 22.Rdd1 Bxc4 23.b3 Ba6 24.Nc3 Rxe1 25.Rxe1 Rf8 26.f3 Rf7 27.
Kd2 Kd7 28.a3 Bb7 29.b4 cxb4 30.axb4 a6 31.Kd3 Bc6 32.Kd4 Bb7 33.Ne4 Kc6 
34.Rc1+ Kb5 35.Bd8 Bxe4 36.fxe4 c6 37.Bh4 h6 38.Bg3 Rf6 39.Ra1 g5 40.h3 h5
41.Ra5+ Kxb4 42.Rxg5 1-0

[Event "21st Hoogeveen op"]
[Site "Hoogeveen NED"]
[Date "2017.10.25"]
[Round "6.4"]
[White "Xu Xiangyu"]
[Black "Kollars, Dmitrij"]
[Result "1/2-1/2"]
[WhiteElo "2549"]
[BlackElo "2498"]
[EventDate "2017.10.21"]
[PlyCount "63"]

1.d4 d5 2.c4 c6 3.Nc3 Nf6 4.cxd5 cxd5 5.Bf4 Nc6 6.e3 Bg4 7.Qb3 Na5 8.Qa4+ 
Bd7 9.Qd1 e6 10.Nf3 Be7 11.Ne5 O-O 12.Bd3 Rc8 13.Qe2 Be8 14.O-O Nd7 15.e4 
Nxe5 16.Bxe5 f6 17.Bg3 Bf7 18.Rfe1 Re8 19.exd5 exd5 20.Bf5 Rc6 21.Qf3 Nc4 
22.b3 Nd6 23.Be6 Bxe6 24.Rxe6 Nb5 25.Rxc6 Nxd4 26.Qxd5+ Qxd5 27.Nxd5 Nxc6 
28.Nxe7+ Rxe7 29.Kf1 Rd7 30.Bf4 Kf7 31.Rc1 Nb4 32.a3 1/2-1/2

[Event "21st Hoogeveen op"]
[Site "Hoogeveen NED"]
[Date "2017.10.25"]
[Round "6.5"]
[White "Jonkman, Harmen"]
[Black "Van Foreest, Lucas"]
[Result "1/2-1/2"]
[WhiteElo "2410"]
[BlackElo "2489"]
[EventDate "2017.10.21"]
[PlyCount "95"]

1.e4 e6 2.d4 d5 3.Nd2 Be7 4.Ngf3 Nf6 5.exd5 exd5 6.Bd3 O-O 7.h3 c5 8.O-O 
Nc6 9.dxc5 Bxc5 10.Nb3 Bb6 11.Bg5 h6 12.Bf4 Ne4 13.c3 Qf6 14.Bh2 Bf5 15.a4
Rad8 16.a5 Bc5 17.Nxc5 Nxc5 18.Bxf5 Qxf5 19.a6 Nxa6 20.Nd4 Qd7 21.Nxc6 
Qxc6 22.Be5 Nc5 23.Rxa7 Na6 24.Qg4 f6 25.Bd4 Rfe8 26.Ra1 Re4 27.Qg3 Rd7 
28.Ra8+ Kh7 29.Qd3 Nc5 30.Qf3 Kg6 31.g4 Kf7 32.g5 hxg5 33.Qh5+ Ke6 34.Rg8 
Nb3 35.Raa8 Nxd4 36.cxd4 Qc1+ 37.Kg2 Qxb2 38.Qe8+ Re7 39.Qc8+ Kf7 40.Qf5 
Re8 41.Qxd5+ R8e6 42.Qd7+ Re7 43.Qf5 Re8 44.Qd5+ R8e6 45.Qd7+ Re7 46.Qf5 
Re8 47.Qd5+ R8e6 48.Qd7+ 1/2-1/2

[Event "21st Hoogeveen op"]
[Site "Hoogeveen NED"]
[Date "2017.10.25"]
[Round "6.6"]
[White "Schippers, Maurice"]
[Black "Schoppen, Casper"]
[Result "1/2-1/2"]
[WhiteElo "2289"]
[BlackElo "2440"]
[EventDate "2017.10.21"]
[PlyCount "113"]

1.e4 c5 2.Nf3 d6 3.d4 cxd4 4.Nxd4 Nf6 5.f3 e5 6.Nb3 d5 7.Bg5 d4 8.c3 Nc6 
9.cxd4 exd4 10.Bb5 Bb4+ 11.Bd2 Bd6 12.O-O O-O 13.Na3 Qc7 14.Kh1 Rd8 15.Rc1
Qe7 16.Bxc6 bxc6 17.Nc4 Bc7 18.Ba5 Ba6 19.Bxc7 Qxc7 20.Nc5 Bb5 21.Rf2 Nd7 
22.Nd3 Nf8 23.a4 Ba6 24.Nc5 Bxc4 25.Rxc4 Nd7 26.Nxd7 Rxd7 27.Rd2 d3 28.Rc3
h5 29.Rcxd3 Rxd3 30.Rxd3 Qb6 31.b3 Re8 32.Qg1 c5 33.g3 Qb4 34.Qd1 c4 35.
bxc4 Qxc4 36.Kg2 Qa2+ 37.Rd2 Qc4 38.Rd4 Qa2+ 39.Rd2 Qc4 40.Rd4 Qa2+ 41.Qd2
Qb3 42.Rb4 Qa3 43.Rd4 Qb3 44.Qa5 Rc8 45.Rd8+ Rxd8 46.Qxd8+ Kh7 47.Qd7 a6 
48.Qf5+ g6 49.Qf6 Qc2+ 50.Kh3 Qc4 51.Kh4 Kg8 52.a5 Qa2 53.Qd8+ Kg7 54.Kg5 
Qe6 55.Kh4 Qa2 56.Kg5 Qe6 57.Kh4 1/2-1/2

[Event "21st Hoogeveen op"]
[Site "Hoogeveen NED"]
[Date "2017.10.25"]
[Round "6.7"]
[White "Engel, Luis"]
[Black "Carlstedt, Jonathan"]
[Result "1-0"]
[WhiteElo "2344"]
[BlackElo "2413"]
[EventDate "2017.10.21"]
[PlyCount "75"]

1.e4 e5 2.Nf3 Nc6 3.Bc4 Bc5 4.O-O Nf6 5.d3 O-O 6.Bb3 a5 7.c3 d5 8.exd5 
Nxd5 9.Nbd2 Bg4 10.Ne4 Be7 11.Re1 Qd7 12.h3 Bf5 13.Ng3 Be6 14.Nxe5 Nxe5 
15.Rxe5 a4 16.Bc2 a3 17.d4 axb2 18.Bxb2 Bd6 19.Qd3 g6 20.Rxd5 Bxd5 21.c4 
Bxg3 22.fxg3 Be6 23.d5 Bf5 24.Qc3 f6 25.Bb3 c5 26.g4 Be4 27.g5 Rae8 28.Rf1
Qd6 29.gxf6 Kf7 30.Bd1 g5 31.Bg4 Rh8 32.Re1 h5 33.Be6+ Rxe6 34.dxe6+ Qxe6 
35.Qe3 Re8 36.Qxg5 Rg8 37.Qxh5+ Kf8 38.Qxc5+ 1-0

[Event "21st Hoogeveen op"]
[Site "Hoogeveen NED"]
[Date "2017.10.25"]
[Round "6.8"]
[White "Kuipers, Stefan"]
[Black "Wempe, Joost"]
[Result "1-0"]
[WhiteElo "2411"]
[BlackElo "2289"]
[EventDate "2017.10.21"]
[PlyCount "71"]

1.e4 e6 2.d4 d5 3.Nc3 Nf6 4.e5 Nfd7 5.f4 c5 6.Nf3 Nc6 7.Be3 Be7 8.Qd2 b6 
9.Nd1 cxd4 10.Nxd4 Nxd4 11.Bxd4 O-O 12.Be2 f5 13.exf6 Bxf6 14.O-O Nc5 15.
Nf2 Bxd4 16.Qxd4 Ba6 17.Rfe1 Qd6 18.g3 Bxe2 19.Rxe2 Rf6 20.Rae1 Raf8 21.a3
Rg6 22.Kh1 Qc6 23.b4 Na4 24.Nd3 Nc3 25.Rg2 Rgf6 26.Ne5 Qc7 27.Re3 Rc8 28.
h4 Ne4 29.Qd1 Qe7 30.c4 Qb7 31.Kh2 Nd6 32.cxd5 exd5 33.Ng4 Rf5 34.Rd3 Nc4 
35.Nh6+ gxh6 36.Qg4+ 1-0

[Event "21st Hoogeveen op"]
[Site "Hoogeveen NED"]
[Date "2017.10.25"]
[Round "6.9"]
[White "Maris, Ivo"]
[Black "Van Dael, Siem"]
[Result "1-0"]
[WhiteElo "2340"]
[BlackElo "2286"]
[EventDate "2017.10.21"]
[PlyCount "117"]

1.c4 Nf6 2.Nc3 g6 3.g3 Bg7 4.Bg2 O-O 5.e4 d6 6.Nge2 c5 7.O-O Nc6 8.d3 a6 
9.a4 Bd7 10.h3 Ne8 11.Be3 Nc7 12.d4 cxd4 13.Nxd4 Ne6 14.Nde2 Nc5 15.Rb1 
Nb4 16.b3 Rb8 17.Qd2 b5 18.Rfd1 Qc7 19.axb5 axb5 20.Nd5 Nxd5 21.cxd5 Rfc8 
22.Rdc1 Qb7 23.Nd4 Rc7 24.Nc6 Rxc6 25.dxc6 Bxc6 26.Bxc5 dxc5 27.Rxc5 Bxe4 
28.Bxe4 Qxe4 29.Re1 Qb7 30.Rd5 Bf6 31.Rd8+ Rxd8 32.Qxd8+ Kg7 33.b4 Qc6 34.
Qd3 Qc3 35.Qxc3 Bxc3 36.Rxe7 Bxb4 37.Rb7 h5 38.Rxb5 Be7 39.Kg2 Bf6 40.Rd5 
Be7 41.Kf3 Bf6 42.Ke4 Bc3 43.Rd3 Be1 44.Kf3 Bb4 45.Rb3 Bc5 46.Rb2 Bd4 47.
Rc2 Be5 48.Ke4 Bf6 49.Kd5 Be7 50.Kc6 Bf6 51.Kd7 Bd4 52.Ke8 f6 53.Ke7 g5 
54.g4 Kg6 55.Ke6 hxg4 56.hxg4 Bb6 57.f3 Bd4 58.Rc8 Kg7 59.Kf5 1-0

[Event "21st Hoogeveen op"]
[Site "Hoogeveen NED"]
[Date "2017.10.25"]
[Round "6.10"]
[White "Tania, Sachdev"]
[Black "Klapwijk, Bram"]
[Result "1-0"]
[WhiteElo "2386"]
[BlackElo "2211"]
[EventDate "2017.10.21"]
[PlyCount "85"]

1.d4 Nf6 2.c4 g6 3.Nc3 d5 4.Bg5 Ne4 5.Bh4 Nxc3 6.bxc3 dxc4 7.e3 Be6 8.Be2 
Bd5 9.f3 b5 10.e4 Bb7 11.Qb1 Ba6 12.a4 Qd7 13.axb5 Qxb5 14.Qc1 c5 15.Bd1 
Qb6 16.dxc5 Qxc5 17.Bf2 Qd6 18.Bg3 e5 19.Ba4+ Ke7 20.f4 Qd3 21.fxe5 f6 22.
Ne2 Qxe4 23.O-O Bb7 24.Rf2 Kf7 25.Bc2 Qg4 26.Rxf6+ Kg8 27.Qf1 Nd7 28.Rf4 
Qe6 29.Nd4 Bc5 30.Kh1 Bxd4 31.Rxd4 Bd5 32.Qd1 Nb6 33.Ra5 Bb7 34.Rc5 Qe7 
35.Rd6 Kg7 36.e6 Rhd8 37.Rd4 Rac8 38.Rc7 Rxc7 39.Rxd8 Rc8 40.Be5+ Kh6 41.
Qd2+ g5 42.Rd4 Qxe6 43.Rh4# 1-0

[Event "21st Hoogeveen op"]
[Site "Hoogeveen NED"]
[Date "2017.10.25"]
[Round "6.11"]
[White "Okkes, Menno"]
[Black "Boer, Alef"]
[Result "1-0"]
[WhiteElo "2332"]
[BlackElo "2107"]
[EventDate "2017.10.21"]
[PlyCount "67"]

1.Nf3 d5 2.g3 Nf6 3.Bg2 c6 4.O-O Bg4 5.c4 e6 6.d3 dxc4 7.dxc4 Qxd1 8.Rxd1 
Nbd7 9.Bf4 h6 10.Nc3 Bb4 11.Na4 g5 12.Be3 Be7 13.Rac1 e5 14.h3 Be6 15.Nd2 
g4 16.h4 Rc8 17.Nb3 b6 18.Nd2 Kf8 19.Nc3 Bc5 20.Bxc5+ Nxc5 21.b4 Ncd7 22.
Nde4 Nxe4 23.Nxe4 f5 24.Nd6 Rc7 25.c5 bxc5 26.bxc5 Ke7 27.Nc4 e4 28.f3 
exf3 29.exf3 Rb8 30.fxg4 fxg4 31.Na5 Rb5 32.Nxc6+ Kf6 33.Rf1+ Kg7 34.Nd4 
1-0

[Event "21st Hoogeveen op"]
[Site "Hoogeveen NED"]
[Date "2017.10.25"]
[Round "6.12"]
[White "Hoffman, Ron"]
[Black "Videnova, Iva"]
[Result "0-1"]
[WhiteElo "2038"]
[BlackElo "2326"]
[EventDate "2017.10.21"]
[PlyCount "70"]

1.d4 Nf6 2.Bf4 g6 3.e3 Bg7 4.Nf3 d6 5.Be2 c5 6.c3 Qb6 7.Qb3 Be6 8.Qxb6 
axb6 9.a3 Bd5 10.Nbd2 Nh5 11.Bg5 h6 12.Bh4 g5 13.Bg3 f5 14.O-O Nd7 15.h4 
g4 16.Ne1 e5 17.Bc4 Bxc4 18.Nxc4 O-O 19.dxe5 dxe5 20.Bh2 f4 21.exf4 exf4 
22.Kh1 b5 23.Rd1 bxc4 24.Rxd7 Rad8 25.Rxd8 Rxd8 26.f3 g3 27.Bg1 Rd2 28.
Bxc5 Rxb2 29.Bb4 b5 30.Kg1 Bf6 31.Nd3 cxd3 32.Rd1 Ng7 33.Kf1 Nf5 34.Rxd3 
Ne3+ 35.Ke1 Nxg2+ 0-1

[Event "21st Hoogeveen op"]
[Site "Hoogeveen NED"]
[Date "2017.10.25"]
[Round "6.13"]
[White "Buckels, Valentin"]
[Black "Pajeken, Jakob Leon"]
[Result "1/2-1/2"]
[WhiteElo "2318"]
[BlackElo "2203"]
[EventDate "2017.10.21"]
[PlyCount "114"]

1.d4 d5 2.Bf4 Nf6 3.e3 c5 4.c3 Qb6 5.Qb3 Nc6 6.Nd2 c4 7.Qc2 g6 8.e4 Nxe4 
9.Nxe4 dxe4 10.Bxc4 Bf5 11.Be3 Qc7 12.Ne2 O-O-O 13.Ng3 e5 14.d5 Na5 15.Bb3
Bc5 16.Nf1 Nxb3 17.Qxb3 Rd6 18.Qc4 Bb6 19.Qxc7+ Bxc7 20.c4 Bd7 21.Bd2 f5 
22.Bb4 Ra6 23.Ne3 f4 24.Nd1 Bf5 25.Nc3 Rb6 26.Ba3 g5 27.O-O-O Ra6 28.d6 
Ba5 29.Nd5 Kd7 30.c5 Rf8 31.b4 Bd8 32.Kb2 b5 33.Nc3 Bf6 34.Nxb5 e3 35.Nc7 
e4+ 36.Kb3 Rxa3+ 37.Kxa3 exf2 38.b5 e3 39.c6+ Kc8 40.Nd5 e2 41.Nxf6 Rxf6 
42.d7+ Bxd7 43.cxd7+ Kd8 44.Rdf1 exf1=Q 45.Rxf1 Kxd7 46.Rxf2 h5 47.Kb4 Kc7
48.a4 g4 49.a5 f3 50.gxf3 Rxf3 51.Rg2 Rf4+ 52.Kc5 h4 53.b6+ axb6+ 54.axb6+
Kb7 55.Kd5 g3 56.hxg3 hxg3 57.Rxg3 Kxb6 1/2-1/2

[Event "21st Hoogeveen op"]
[Site "Hoogeveen NED"]
[Date "2017.10.25"]
[Round "6.14"]
[White "Balje, Jan"]
[Black "Colijn, Stefan"]
[Result "0-1"]
[WhiteElo "2191"]
[BlackElo "2308"]
[EventDate "2017.10.21"]
[PlyCount "44"]

1.d4 d5 2.c4 c6 3.Nf3 Nf6 4.Nc3 e6 5.e3 Nbd7 6.Qc2 Bd6 7.Bd3 O-O 8.O-O 
dxc4 9.Bxc4 Qe7 10.h3 e5 11.Bb3 Bc7 12.dxe5 Nxe5 13.Nxe5 Qxe5 14.f4 Qh5 
15.Bd2 Bf5 16.Qd1 Qg6 17.Qf3 Rad8 18.Rad1 Ba5 19.Kh2 Bc2 20.Bxc2 Qxc2 21.
Bc1 Bxc3 22.bxc3 Ne4 0-1

[Event "21st Hoogeveen op"]
[Site "Hoogeveen NED"]
[Date "2017.10.25"]
[Round "6.15"]
[White "Van Foreest, Machteld"]
[Black "De Boer, Eelke"]
[Result "0-1"]
[WhiteElo "1829"]
[BlackElo "2301"]
[EventDate "2017.10.21"]
[PlyCount "74"]

1.e4 e5 2.Nf3 Nc6 3.d4 exd4 4.Nxd4 Bc5 5.Nxc6 bxc6 6.Bd3 Ne7 7.Nc3 Ng6 8.
O-O O-O 9.a3 Rb8 10.Na4 Be7 11.b4 d5 12.exd5 cxd5 13.c3 Bd6 14.Be3 Qh4 15.
g3 Qh3 16.Bxg6 hxg6 17.Bc5 Re8 18.Bxd6 cxd6 19.f3 Bd7 20.Nb2 Re3 21.Qd2 
Rbe8 22.Rae1 Bb5 23.c4 Bxc4 24.Nxc4 Rxe1 25.Rxe1 Rxe1+ 26.Qxe1 dxc4 27.
Qe8+ Kh7 28.Qd8 Qh6 29.f4 Qh5 30.Qxd6 Qe2 31.Qd7 c3 32.Qh3+ Qh5 33.Qc8 
Qd1+ 34.Kf2 c2 35.Qh3+ Qh5 36.Qf1 f5 37.g4 Qxg4 0-1

[Event "21st Hoogeveen op"]
[Site "Hoogeveen NED"]
[Date "2017.10.25"]
[Round "6.16"]
[White "Heemskerk, Wim"]
[Black "Uksini, Bardhyl"]
[Result "1-0"]
[WhiteElo "2179"]
[BlackElo "2363"]
[EventDate "2017.10.21"]
[PlyCount "90"]

1.Nf3 Nf6 2.c4 c5 3.g3 d5 4.cxd5 Nxd5 5.Bg2 Nc6 6.Nc3 g6 7.Nxd5 Qxd5 8.d3 
Bg7 9.O-O O-O 10.Be3 Qh5 11.Rc1 b6 12.Ng5 Bb7 13.Bf3 Qh6 14.Rc4 Bd4 15.
Nxf7 Qg7 16.Bxc6 Bxc6 17.Nh6+ Kh8 18.Bxd4 cxd4 19.Rxc6 Qxh6 20.Qc1 Qh5 21.
Qc4 e5 22.f3 Qf5 23.Kg2 Rac8 24.Rc1 Rxc6 25.Qxc6 Rf7 26.Qc8+ Kg7 27.Qxf5 
gxf5 28.Rc6 Re7 29.Kf2 Kf7 30.b4 Kg7 31.a4 Kf7 32.a5 bxa5 33.bxa5 Ke8 34.
Rf6 e4 35.Rxf5 e3+ 36.Kg2 Rb7 37.f4 Rb1 38.Rd5 Re1 39.Rxd4 Rxe2+ 40.Kf3 
Ra2 41.Kxe3 Rxa5 42.g4 Ra2 43.h4 a5 44.f5 a4 45.Kf4 h6 1-0

[Event "21st Hoogeveen op"]
[Site "Hoogeveen NED"]
[Date "2017.10.25"]
[Round "6.17"]
[White "De Jong, Migchiel"]
[Black "De Graaf, Dick"]
[Result "0-1"]
[WhiteElo "2352"]
[BlackElo "2178"]
[EventDate "2017.10.21"]
[PlyCount "98"]

1.e4 d6 2.d4 Nf6 3.Nc3 g6 4.Nf3 Bg7 5.Be2 O-O 6.O-O c6 7.a4 a5 8.Be3 Qc7 
9.Nd2 d5 10.e5 Nfd7 11.f4 e6 12.g4 Qd8 13.f5 exf5 14.gxf5 Re8 15.Nf3 gxf5 
16.Kh1 Nf8 17.Bg5 f6 18.exf6 Bxf6 19.Rg1 Ng6 20.h4 Bxg5 21.Nxg5 h6 22.Bh5 
hxg5 23.Rxg5 Re3 24.Qd2 Qxg5 25.hxg5 Rh3+ 26.Kg1 Rxh5 27.Re1 Bd7 28.Ne2 
Rh4 29.Ng3 Rg4 30.Kf2 Na6 31.Nh5 Kf7 32.Nf6 Rh4 33.Rg1 Be6 34.Qxa5 Rxd4 
35.Rh1 Nf8 36.Qe1 Rc4 37.Qe5 Nc5 38.g6+ Kxg6 39.Rg1+ Kf7 40.Nh5 Rxc2+ 41.
Ke3 Ke8 42.Rg7 f4+ 43.Qxf4 Nfd7 44.Nf6+ Nxf6 45.Qxf6 d4+ 46.Qxd4 Rd8 47.
Qe5 Rd3+ 48.Kf4 Rf2+ 49.Kg5 Rd5 0-1

[Event "21st Hoogeveen op"]
[Site "Hoogeveen NED"]
[Date "2017.10.25"]
[Round "6.18"]
[White "Sparenberg, Erik"]
[Black "Warakomska, Anna"]
[Result "1/2-1/2"]
[WhiteElo "2175"]
[BlackElo "2295"]
[EventDate "2017.10.21"]
[PlyCount "70"]

1.e4 e5 2.Nf3 Nc6 3.Bb5 a6 4.Ba4 Nf6 5.O-O Be7 6.Re1 b5 7.Bb3 d6 8.c3 O-O 
9.h3 Nb8 10.d4 Nbd7 11.Nbd2 Bb7 12.Bc2 Re8 13.Nf1 Bf8 14.Ng3 g6 15.b3 Bg7 
16.d5 Qb8 17.Be3 c6 18.c4 Rc8 19.Qd2 bxc4 20.bxc4 a5 21.Rab1 Qc7 22.Ba4 c5
23.Bb5 a4 24.Bh6 Ba6 25.Bxg7 Kxg7 26.Bxd7 Nxd7 27.Qg5 f6 28.Nh5+ Kf7 29.
Qh6 gxh5 30.Qxh7+ Ke8 31.Qxh5+ Ke7 32.Qh7+ Ke8 33.Qh5+ Kd8 34.Qh8+ Ke7 35.
Qh7+ Ke8 1/2-1/2

[Event "21st Hoogeveen op"]
[Site "Hoogeveen NED"]
[Date "2017.10.25"]
[Round "6.19"]
[White "Paszewski, Mateusz"]
[Black "Vistisen, Lars"]
[Result "1/2-1/2"]
[WhiteElo "2289"]
[BlackElo "2073"]
[EventDate "2017.10.21"]
[PlyCount "52"]

1.Nf3 Nf6 2.c4 d5 3.cxd5 Nxd5 4.g3 Nc6 5.Bg2 e5 6.Nc3 Nb6 7.a3 Be7 8.b4 
Be6 9.O-O O-O 10.d3 f6 11.Bb2 Qe8 12.Nd2 a5 13.b5 Nd4 14.a4 Ra7 15.e3 Nf5 
16.Qc2 Qf7 17.Ne2 Rc8 18.d4 Bb4 19.Ne4 Bb3 20.Nxf6+ gxf6 21.Qxf5 Be6 22.
Qf3 Nc4 23.Bc1 c6 24.bxc6 bxc6 25.dxe5 Nxe5 26.Qf4 Bc4 1/2-1/2

[Event "21st Hoogeveen op"]
[Site "Hoogeveen NED"]
[Date "2017.10.25"]
[Round "6.20"]
[White "Strating, Sybolt"]
[Black "Hendriks, Richard V"]
[Result "1-0"]
[WhiteElo "2262"]
[BlackElo "2087"]
[EventDate "2017.10.21"]
[PlyCount "105"]

1.d4 d5 2.c4 dxc4 3.e4 Nf6 4.e5 Nd5 5.Bxc4 Bf5 6.Ne2 e6 7.O-O c6 8.Ng3 Bg6
9.Nc3 Be7 10.Bb3 O-O 11.Kh1 Nd7 12.Nxd5 cxd5 13.Qg4 a5 14.f4 a4 15.Bd1 Bd3
16.Rf3 Qa5 17.Be3 Qe1+ 18.Bg1 Qd2 19.Rf2 Qe1 20.f5 Nxe5 21.dxe5 Bc5 22.f6 
g6 23.Qf4 Bxf2 24.Qxf2 Qxf2 25.Bxf2 a3 26.bxa3 Rfc8 27.Bb3 Rxa3 28.Bd4 Ra6
29.Nf1 Rac6 30.Bb2 Rb6 31.Kg1 h6 32.Nd2 g5 33.Kf2 Bc2 34.Ke3 Bxb3 35.axb3 
Kh7 36.Kd3 Kg6 37.Bd4 Rbc6 38.b4 h5 39.h3 g4 40.hxg4 hxg4 41.Ra7 b5 42.Bc5
Rh8 43.Nb3 Rcc8 44.Nd4 Rh2 45.Nxb5 Rxg2 46.Be3 Rb8 47.Nd6 Rxb4 48.Rxf7 
Rb3+ 49.Kd4 Rb4+ 50.Kc3 Rgb2 51.Rg7+ Kh5 52.Rh7+ Kg6 53.Rh6# 1-0

[Event "21st Hoogeveen op"]
[Site "Hoogeveen NED"]
[Date "2017.10.25"]
[Round "6.21"]
[White "Hilwerda, Jonas"]
[Black "Damen, Jip"]
[Result "1/2-1/2"]
[WhiteElo "2216"]
[BlackElo "2016"]
[EventDate "2017.10.21"]
[PlyCount "108"]

1.d4 Nf6 2.Nc3 d5 3.Bf4 Bf5 4.f3 h6 5.g4 Bg6 6.h4 e6 7.e3 Bd6 8.Nh3 c6 9.
Bxd6 Qxd6 10.Nf4 Bh7 11.g5 Ng8 12.Qd2 Nd7 13.O-O-O O-O-O 14.Nd3 hxg5 15.
hxg5 Ne7 16.f4 Bf5 17.Be2 f6 18.gxf6 gxf6 19.Bf3 Ng6 20.Qf2 Rxh1 21.Rxh1 
Rh8 22.Rxh8+ Nxh8 23.e4 dxe4 24.Nxe4 Qc7 25.Qe3 Ng6 26.Bh5 Ne7 27.c4 b6 
28.Bf3 Ng6 29.c5 Bxe4 30.Qxe4 Nh4 31.Qxc6 Qxc6 32.Bxc6 Nf5 33.d5 exd5 34.
Bxd5 bxc5 35.Be6 Nd4 36.Nxc5 Nxe6 37.Nxe6 Nb6 38.Nc5 Nd5 39.Nd3 Kd7 40.Kd2
Ke6 41.Ke2 Kf5 42.Kf3 a5 43.a3 Nb6 44.Nc5 Nc4 45.b4 axb4 46.axb4 Nd2+ 47.
Ke3 Nc4+ 48.Kd4 Nd6 49.Kd5 Nb5 50.Nd3 Nc3+ 51.Kd4 Nb5+ 52.Kc5 Nc3 53.b5 
Ke4 54.Kc4 Nxb5 1/2-1/2